000 00438nam a2200181Ia 4500
001 18469
005 20260306171633.0
008 260306s9999||||xx |||||||||||||| ||und||
041 _aESP
082 _a658.406
_bA145
100 _aAhmed, Pervaiz K.
_eAUT
245 0 _aAdministración de la innovación
260 _c2012
300 _avarias paginaciones :
_c27 cm.
650 _aGEN
654 _aCAN
942 _cLIB
_dJUS
_fJUS
_2ddc
_n
999 _c18469
_d18469